Dve lásky Jána Priesola za krásou neglazovanej keramiky

Bibliographic Details
Main Author: Sokolová, Viera (Author)
Format: Article
Language:Slovak
PhysicalDescription:Fotogr.
Subjects:

MARC

LEADER 00000nab a2200000 a 4500
001 vtls000675375
003 SK-MaSNL
005 20260302190538.0
008 160322c1998 xo 0 slo
015 |a SNBRB1998/10-28552 
035 |a CLN000027549 
040 |a SNKBUCL  |b slo  |c SNKBUCL  |e AACR2 
041 0 |a slo 
044 |a xo  |c SK 
080 |a 738.077  |2 UDC-MRF-SK2 
080 |a 929 Priesol, Ján  |2 UDC-MRF-SK2 
100 1 |a Sokolová, Viera  |4 aut  |9 453717 
245 1 0 |a Dve lásky Jána Priesola  |b za krásou neglazovanej keramiky  |c Viera Sokolová 
300 |b Fotogr. 
600 1 7 |a Priesol, Ján,  |d 1942-  |2 snkbucl  |9 113644 
655 7 |a články z novín a časopisov  |2 snkbucl  |9 267496 
773 0 |t Národná osveta  |g Roč. 8, č. 20 (1998) 
773 0 |t [Príl.] Paleta  |g Roč. 4, č. 5 (1998), s. 12-13 
850 |a Slovenská národná knižnica v Martine 
852 |a SNK  |b KIS3GCP 
958 |a BX 
958 |a SK 
958 |a RBX 
999 |c 1433813  |d 1435743